000 00424nam a2200181Ia 4500
005 20250603144605.0
008 250603s9999 xx 000 0 und d
020 _a9783031282317
050 _aHD 9560.5 .B74/
100 _aEdited by Adi Imsirovic
245 0 _aBrent Crude Oil
260 _aSwitzerland
260 _bPalgrave Macmillan
260 _c2023
300 _a139 p
650 _aSwitzerland
942 _cBK
999 _c39374
_d39374